Science Quiz

Random Science or Animal Quiz

5 by 5 Mammals Quiz Stats

 Plays Quiz Updated Mar 18, 2020

Support Sporcle.
Go Orange.
Score 0/25 Timer 05:00
8 Plays Today
Hint Answer % Correct
Lion
97.6%
Dog
97.6%
UngulateCamel
97.1%
PrimateGorilla
97%
Rhinoceros
96.9%
CanidWolf
96.9%
Hippopotamus
96.1%
Horse
95.9%
Fox
95.9%
RodentMouse
95.3%
Squirrel
94.7%
FelineCheetah
94.6%
Snow Leopard
93.5%
Hint Answer % Correct
Moose
92.7%
Beaver
88.8%
Orangutan
86.9%
Baboon
82.5%
Jaguar
76.8%
Hamster
76.4%
Dingo
69.5%
Chinchilla
53.1%
Ocelot
47.3%
Aye-aye
45.2%
Howler Monkey
42.7%
Jackal
40.7%

From the Vault

Razzie Worst Actor Winners

by CharlieBrown

Movies 7m
These actors were the best at being the worst.
Remove Ads.
Support Sporcle.
Get the best of Sporcle when you Go Orange. This ad-free experience offers more features, more stats, and more fun while also helping to support Sporcle. Thank you for becoming a member.

Show Comments

Extras

Top Quizzes Today


Score Distribution

Your Account Isn't Verified!

In order to create a playlist on Sporcle, you need to verify the email address you used during registration. Go to your Sporcle Settings to finish the process.

Report this User

Report this user for behavior that violates our Community Guidelines.

Details: